Aritmética elemental /
Guardado en:
| Autor Principal: | |
|---|---|
| Autor Corporativo: | |
| Formato: | Libro |
| Idioma: | Spanish |
| Publicado: |
Washington, D.C. :
OEA. Programa Regional de Desarrollo Científico y Tecnológico,
1985.
|
| Series: | Serie de matemática. Monografía ;
nº 25 |
| Etiquetas: |
Agregar Etiqueta
Sin Etiquetas, Sea el primero en etiquetar este registro!
|
| LEADER | 00680nam a22001695a 4500 | ||
|---|---|---|---|
| 001 | EEA.libagro004191 | ||
| 005 | 20190326110031.0 | ||
| 008 | 130809s1985####xxu###########000#0#spa#d | ||
| 020 | |a 0827022271 | ||
| 082 | 0 | 4 | |a 513 |
| 100 | 1 | |a Gentile, Enzo R. | |
| 245 | 1 | 0 | |a Aritmética elemental / |c Enzo R. Gentile. |
| 260 | |a Washington, D.C. : |b OEA. Programa Regional de Desarrollo Científico y Tecnológico, |c 1985. | ||
| 300 | |a 138 p. ; |c 23 cm. | ||
| 490 | 1 | |a Serie de matemática. Monografía ; |v nº 25 | |
| 710 | 2 | |a Organización de los Estados Americanos. |b Secretaría General. |b Programa Regional de Desarrollo Científico y Tecnológico. | |
| 859 | |a AR-BbBCA |b BIB. AGRONOMIA |h 513 |i G338 |p 1989/1432 | ||
